| 000 | 00839cam a2200229 4500 | ||
|---|---|---|---|
| 001 | ABS62767 | ||
| 008 | 000000n2000 000 0 eng u | ||
| 035 | _a(Sirsi) u107938 | ||
| 100 | _aAhmed, R. | ||
| 245 | _aCentre of attention | ||
| 260 | _c2000 | ||
| 490 |
_aLeisure Management _v20(7) July 2000, 23(1) |
||
| 520 | _aDiscusses the new concept of Urban Entertainment Centres (UEC) which is an attempt to bring leisure facilities to the high street. Suggests that town centres can provide more accessible facilities than many out of town sites but that sites can be restricted by size. | ||
| 590 | _aABS | ||
| 650 | _aLEISURE CENTRES | ||
| 650 | _aURBAN ENTERTAINMENT CENTRES | ||
| 650 | _aLEISURE MANAGEMENT | ||
| 650 | _aTOWN CENTRES | ||
| 650 | _aLEISURE DEVELOPMENT | ||
| 690 | _aLEISURE AND RECREATION | ||
| 942 | _n0 | ||
| 999 |
_c64473 _d64473 |
||